<?xml version="1.0" encoding="UTF-8"?>
<collection xmlns="http://www.loc.gov/MARC21/slim">
 <record>
  <leader>04588nam a2200265 a 4500</leader>
  <controlfield tag="001">1/24318</controlfield>
  <controlfield tag="008">      s2001    lu     f      00010 gre d</controlfield>
  <datafield tag="022" ind1="0" ind2=" ">
   <subfield code="a">0254-1483</subfield>
  </datafield>
  <datafield tag="022" ind1="0" ind2=" ">
   <subfield code="a">0254-1475</subfield>
  </datafield>
  <datafield tag="028" ind1="3" ind2="1">
   <subfield code="a">2001/0210 (COD)- 2001/0211</subfield>
  </datafield>
  <datafield tag="028" ind1="3" ind2="1">
   <subfield code="a">KT-CO-01-551-EN-C</subfield>
  </datafield>
  <datafield tag="028" ind1="3" ind2="1">
   <subfield code="a">KT-CO-01-551-GR-C</subfield>
  </datafield>
  <datafield tag="035" ind1=" " ind2=" ">
   <subfield code="l">26075</subfield>
  </datafield>
  <datafield tag="040" ind1=" " ind2=" ">
   <subfield code="a">GR-PeUP</subfield>
  </datafield>
  <datafield tag="084" ind1="-" ind2="-">
   <subfield code="2">KET</subfield>
   <subfield code="a">COM (2001) 507 τελικό</subfield>
  </datafield>
  <datafield tag="110" ind1="2" ind2=" ">
   <subfield code="a">Επιτροπή των Ευρωπαϊκών Κοινοτήτων.</subfield>
  </datafield>
  <datafield tag="245" ind1="1" ind2="0">
   <subfield code="a">Ανακοίνωση της Επιτροπής προς το Ευρωπαϊκό Κοινοβούλιο και το Συμβούλιο: Αξιολόγηση του προγράμματος IDA II:Πρόταση Απόφασης του Ευρωπαϊκού Κοινοβουλίου και του Συμβουλίου περί τροποποιήσεως της απόφασης αριθ. 1719/1999 ΕΚ σχετικά με ένα σύνολο προσανατολισμών, συμπεριλαμβανομένου του προσδιορισμού σχεδίων κοινού ενδιαφέροντος, για τα διευρωπαϊκά δίκτυα ηλεκτρονικής ανταλλαγής δεδομένων μεταξύ διοικήσεων (IDA). Πρόταση Απόφασης του Ευρωπαϊκού Κοινοβουλίου και του Συμβουλίου περί τροποποιήσεως της απόφασης αριθ. 1720/1999 ΕΚ για τη θέσπιση μιας σειράς δράσεων και μέτρων με σκοπό την εξασφάλιση της διαλειτουργικότητας των διευρωπαϊκών δικτύων ηλεκτρονικής ανταλλαγής δεδομένων μεταξύ διοικήσεων (IDA) και της πρόσβασης σ' αυτά:</subfield>
   <subfield code="b">υποβληθείσα από την Επιτροπή</subfield>
   <subfield code="c">Επιτροπή των Ευρωπαϊκών Κοινοτήτων</subfield>
  </datafield>
  <datafield tag="246" ind1="1" ind2="0">
   <subfield code="a">Communication from the Commission to the European Parliament and the Council IDA II Evaluation: Proposal for a Decision of the European Parliament and of the Council amending Decision No 1719/1999/EC on a series of guidelines, including teh identification of projects of common interest, for trans- European networks for the electronic interchange of data between administrations (IDA). Proposal for a Decision of the European Parliament and of the Council amending Decision No 1720/1999/EC adopting a series of actions and measures in order to ensure interoperability of and access to trans-European networks for the electronic interchange of data between administrations (IDA):</subfield>
   <subfield code="b">presented by the Commission</subfield>
  </datafield>
  <datafield tag="246" ind1="1" ind2="0">
   <subfield code="a">Πρόταση Απόφασης του Ευρωπαϊκού Κοινοβουλίου και του Συμβουλίου περί τροποποιήσεως της απόφασης αριθ. 1719/1999 ΕΚ σχετικά με ένα σύλονο προσανατολισμών, συμπεριλαμβανομένου του προσδιορισμού σχεδίων κοινού ενδιαφέροντος, για τα διευρωπαϊκά δίκτυα ηλεκτρονικής ανταλλαγής δεδομένων μεταξύ διοικήσεων (IDA). Πρόταση Απόφασης του Ευρωπαϊκού Κοινοβουλίου και του Συμβουλίου περί τροποποιήσεως της απόφασης αριθ. 1720/1999 ΕΚ για τη θέσπιση μιας σειράς δράσεων και μέτρων με σκοπό την εξασφάλιση της διαλειτουργικότητας των διευρωπαϊκών δικτύων ηλεκτρονικής ανταλλαγής δεδομένων μεταξύ διοικήσεων (IDA) και της πρόσβασης σ' αυτά</subfield>
  </datafield>
  <datafield tag="260" ind1="0" ind2=" ">
   <subfield code="a">Βρυξέλλες, Λουξεμβούργο:</subfield>
   <subfield code="b">Υπηρεσία Επισήμων Εκδόσεων των Ευρωπαϊκών Κοινοτήτων,</subfield>
   <subfield code="c">14.9.2001</subfield>
  </datafield>
  <datafield tag="300" ind1=" " ind2=" ">
   <subfield code="a">32 σελ.</subfield>
  </datafield>
  <datafield tag="500" ind1=" " ind2=" ">
   <subfield code="a">Δίγλωσσο</subfield>
  </datafield>
  <datafield tag="852" ind1=" " ind2=" ">
   <subfield code="a">INST</subfield>
   <subfield code="b">UNIPILB</subfield>
   <subfield code="c">KET</subfield>
   <subfield code="e">20050121</subfield>
   <subfield code="h">COM (2001) 507</subfield>
   <subfield code="p">COM (2001) 507</subfield>
   <subfield code="q">COM (2001) 507</subfield>
   <subfield code="t">NOLOAN</subfield>
   <subfield code="y">23</subfield>
   <subfield code="4">1</subfield>
  </datafield>
  <datafield tag="856" ind1="4" ind2="1">
   <subfield code="u">http://eur-lex.europa.eu/LexUriServ/LexUriServ.do?uri=COM:2001:0507:FIN:EL:PDF</subfield>
  </datafield>
  <datafield tag="856" ind1="4" ind2="1">
   <subfield code="u">http://eur-lex.europa.eu/LexUriServ/LexUriServ.do?uri=COM:2001:0507:FIN:EN:PDF</subfield>
  </datafield>
 </record>
</collection>
